Law and colonial cultures : legal regimes in world history, 1400-1900
Αποθηκεύτηκε σε:
| Κύριος συγγραφέας: | |
|---|---|
| Μορφή: | Βιβλίο |
| Γλώσσα: | English |
| Δημοσίευση: |
Cambridge :
Cambridge University Press,
2002
|
| Σειρά: | Studies in comparative world history
|
| Θέματα: | |
| Ετικέτες: |
Προσθήκη ετικέτας
Δεν υπάρχουν, Καταχωρήστε ετικέτα πρώτοι!
|
MARC
| LEADER | 00000nam a2200000 i 4500 | ||
|---|---|---|---|
| 001 | 1/85523 | ||
| 008 | 080519r20052002 eng d | ||
| 020 | |a 978-0-521-00926-3 | ||
| 020 | |a 0-521-00926-X | ||
| 035 | |l 10097440 | ||
| 040 | |a GR-MY-UA |b gre |e aacr | ||
| 041 | 0 | |a eng | |
| 082 | 0 | |a 341.09 |2 (22) | |
| 100 | 1 | |a Benton, Lauren A. | |
| 245 | 1 | 0 | |a Law and colonial cultures : |b legal regimes in world history, 1400-1900 / |c Lauren A. Benton |
| 260 | |a Cambridge : |b Cambridge University Press, |c 2002 | ||
| 300 | |a xiii, 285 σ.; |c 23 εκ. | ||
| 490 | 1 | |a Studies in comparative world history | |
| 504 | |a Βιβλιογραφία: σ. 267-282 | ||
| 504 | |a Ευρετήριο: σ. 283-285 | ||
| 650 | 0 | 0 | |a International law |x History. |
| 650 | 0 | 0 | |a International relations and culture |x History. |
| 830 | 0 | |a Studies in comparative world history | |
| 852 | |a INST |b LESVOS |e 20080519 |h 341.09 BEN |p 005100042533 |q 005100042533 |t BK |y 0 | ||
| 901 | |a BIBL1-2008-2 | ||
| 909 | |a Λ |b 144012 | ||
| 922 | |a 1ΕΛΗ |b 200801 |c ΕΠΕΑΕΚ2/ΤΚΑ |d ΠΑΠΑΣΩΤΗΡΙΟΥ | ||
| 970 | |a ΧΑΤΖΗΜΙΧΑΗΛ |b ΜΑΡΙΑ |z 2008/05/19 | ||